Kybernetika

Enregistré dans:
Détails bibliographiques
Format: Publication en série
Publié: 1980
Tags: Ajouter un tag
Pas de tags, Soyez le premier à ajouter un tag!

MARC

LEADER 00000nas a22000003a 4500
001 stu67386
005 20141121200547.3
008 011106s1980----------------------------d
040 |a STU  |b slo 
041 0
245 |a Kybernetika 
260 |c 1980 
500 |a 1980 
500 |a c-1207 
500 |a 1-6 
500 |a 6 
773 0 |t Kybernetika :  |w stu_us_cat*stu58935  |x 0023-5954  |7 nnas 
996 |d Vol. 16, 1980  |v Vol. 16  |y 1980  |l II680  |s A  |a 24  |w stu67386_0002